Statistics for U.S. State Flags to Capitals

Click here to take the quiz!

General Stats

  • This quiz has been taken 6,533 times
  • The average score is 11 of 16

Answer Stats

Answer% Correct
Austin
95%
Denver
84%
Phoenix
82%
Honolulu
79%
Olympia
75%
Cheyenne
74%
Columbus
71%
Baton Rouge
65%
Tallahassee
62%
Jackson
60%
Little Rock
58%
Oklahoma City
57%
Nashville
56%
Albany
54%
Salem
52%
Topeka
46%

Score Distribution

Percentile by Number Answered

Percent of People with Each Score

Your Score History

You have not taken this quiz